00465 2200181 4500001002100000005001500021008004100036020001800077035001900095041000700114082000800121090001400129100001100143245004700154260003100201300001900232650003200251INLIS00000000001528120241224114913241224||||||||| | ||| |||| || |  a979-526-883-X 0010-1224015281 aid0 a574 a574 WID a0 aWIDODO00aAlamku Sains 4:Untuk Sekolah Dasar Kelas 4 aJakartabBumi Aksarac2004 a132hlm;18x25cm 0aIlmu-ilmu Tentang Kehidupan